Dresden-Quiz - Statistiken

Allgemein
  • Dieses Quiz wurde 348 mal gespielt
  • Das Durchschnittsergebnis liegt bei 9 aus 15
Antwortstatistiken
Hinweis Antwort % Korrekt
Autokennzeichen DD
99%
Fluss Elbe
95%
Fußballverein Dynamo Dresden
92%
Weihnachtsgebäck mit Rosinen Dresdner Christstollen
87%
Wahrzeichen (Kirche) Frauenkirche
87%
großer Park Großer Garten
69%
bekannter Kurfürst August der Starke
67%
bekannteste Elbbrücke Blaues Wunder
60%
Spitzname Elbflorenz
59%
äußerlicher Stadtbezirkmit Schloss Pillnitz
45%
Stadt zum Nordwesten der Stadtmit ca. 35.000 Einwohnern Radebeul
43%
Es gibt Schwebebahn und Standseilbahn
38%
größte Nachbarstadt Freital
34%
größter Stadtteil (n. Ew.) Blasewitz
15%
der Stadtring trägt dieNummer 26
11%
Keine übereinstimmenden Quizze gefunden
Verteilung der Resultate
Anzahl Personen mit jedem Resultat
Perzentil nach korrekt beantworteten Fragen
Ihre Resultats-Entwicklung
Sie haben dieses Quiz noch nicht gespielt